CAREER ENGLISH FOR NURSES (Record no. 216396)

MARC details
000 -LEADER
fixed length control field 00473nam a22001577a 4500
008 - FIXED-LENGTH DATA ELEMENTS--GENERAL INFORMATION
fixed length control field 260105b |||||||| |||| 00| 0 eng d
020 ## - INTERNATIONAL STANDARD BOOK NUMBER
International Standard Book Number 978-81-250-6385-8
100 ## - MAIN ENTRY--PERSONAL NAME
Personal name ROSE, SELVA
245 ## - TITLE STATEMENT
Title CAREER ENGLISH FOR NURSES
250 ## - EDITION STATEMENT
Edition statement 4TH ED
260 ## - PUBLICATION, DISTRIBUTION, ETC.
Place of publication, distribution, etc. TELANGANA, INDIA
Name of publisher, distributor, etc. ORIENT BLACKSWAN
Date of publication, distribution, etc. 2016
300 ## - PHYSICAL DESCRIPTION
Extent XIV, 298P.
650 ## - SUBJECT ADDED ENTRY
Topical term or geographic name entry element 1.ENGLISH LANGUAGE- TEXTBOOKS FOR FOREIGN SPEAKRS 2. NURSING -VOCATIONAL GUIDANCE
942 ## - ADDED ENTRY ELEMENTS (KOHA)
Source of classification or shelving scheme Library of Congress Classification
Koha item type Long Loan Book
Holdings
Withdrawn status Lost status Source of classification or shelving scheme Damaged status Not for loan Collection Home library Current library Shelving location Date acquired Inventory number Total checkouts Full call number Barcode Date last seen Copy number Price effective from Koha item type
    Library of Congress Classification     Medicine Kisii University Library Kisii University Library On Display 01/05/2026 110370   RT 21 .R67 2016 000000001324 01/05/2026 C.1 01/05/2026 Long Loan Book
    Library of Congress Classification     Medicine Kisii University Library Kisii University Library On Display 01/05/2026 110371   RT 21 .R67 2016 000000001323 01/05/2026 C.2 01/05/2026 Long Loan Book
    Library of Congress Classification     Medicine Kisii University Library Kisii University Library On Display 01/05/2026 110372   RT 21 .R67 2016 000000001322 01/05/2026 C.3 01/05/2026 Long Loan Book
    Library of Congress Classification     Medicine Kisii University Library Kisii University Library On Display 01/05/2026 110373   RT 21 .R67 2016 000000001321 01/05/2026 C.4 01/05/2026 Long Loan Book
    Library of Congress Classification     Medicine Kisii University Library Kisii University Library On Display 01/05/2026 110374   RT 21 .R67 2016 000000001320 01/05/2026 C.5 01/05/2026 Long Loan Book
    Library of Congress Classification     Medicine Kisii University Library Kisii University Library On Display 01/05/2026 110375   RT 21 .R67 2016 000000001319 01/05/2026 C.6 01/05/2026 Long Loan Book
    Library of Congress Classification     Medicine Kisii University Library Kisii University Library On Display 01/05/2026 110376   RT 21 .R67 2016 000000017528 01/05/2026 C.7 01/05/2026 Long Loan Book
    Library of Congress Classification     Medicine Kisii University Library Kisii University Library On Display 01/05/2026 110377   RT 21 .R67 2016 000000017527 01/05/2026 C.8 01/05/2026 Long Loan Book